Grupos de animales, bacterias y plantas - Estadísticas

Estadísticas generales
  • Esta prueba ha sido intentada 272 veces
  • La puntuación promedio es 6 de 17
Estadísticas de respuestas
Hint Respuesta % Correcto
Perros Jauría
83%
Ovinos en general Rebaño
76%
Aves Bandada
73%
Maiz Maizal
59%
Cerdos Piara
54%
Alamo Alameda
52%
Abejas Enjambre
49%
Café Cafetal
38%
Rosal Rosaleda
37%
Caña Cañaveral
34%
Peces en general Cardumen
34%
Bacteria Colonia
23%
Mulas Recua
10%
Gorilas Tropa
7%
Caballos Yeguada
7%
Atún Escuela
4%
Ovejas Majada
2%
No se encontraron pruebas coincidentes
Distribución de puntuación
Porcentaje de gente con cada puntuación
Porcentaje por número respondido
Historial de tus puntuaciones
No has intentado esta prueba.